000 00312cam a22001217a 4500
008 180718b1978 xxu||||| |||| 00| 0 eng d
082 _aAB45 B678
100 _aBowes, Pratima
245 _aHindu intellectual tradition
_cby Pratima Bowes
260 _aDelhi
_bAllied
_c1978
300 _a218p.
650 _aHinduism
999 _c342561
_d342561